Spotlight on neighbours: (Record no. 10414)

MARC details
000 -LEADER
fixed length control field 01073 a2200265 4500
003 - CONTROL NUMBER IDENTIFIER
control field dpl
005 - DATE AND TIME OF LATEST TRANSACTION
control field 20090226121516.0
008 - FIXED-LENGTH DATA ELEMENTS--GENERAL INFORMATION
fixed length control field 090226t xxu||||| |||| 00| 0 eng d
010 ## - LIBRARY OF CONGRESS CONTROL NUMBER
LC control number ENG-89291
020 ## - INTERNATIONAL STANDARD BOOK NUMBER
International Standard Book Number 8122007317
Terms of availability 600.00
035 ## - SYSTEM CONTROL NUMBER
System control number EN-72824
037 ## - SOURCE OF ACQUISITION
Source of stock number/acquisition DBAD / PUB
040 ## - CATALOGING SOURCE
Original cataloging agency DPL
Transcribing agency DPL
082 ## - DEWEY DECIMAL CLASSIFICATION NUMBER
Classification number 327.5405
245 ## - TITLE STATEMENT
Title Spotlight on neighbours:
Remainder of title talks at the IIC/
Statement of responsibility, etc edited by I.P. Khosla
260 ## - PUBLICATION, DISTRIBUTION, ETC. (IMPRINT)
Place of publication, distribution, etc Delhi
Name of publisher, distributor, etc Konark Publishers
Date of publication, distribution, etc 2008
260 ## - PUBLICATION, DISTRIBUTION, ETC. (IMPRINT)
Place of publication, distribution, etc New Delhi
Name of publisher, distributor, etc India International Centre
Date of publication, distribution, etc 2008
270 ## - ADDRESS
Address A-149, Main Vikas Marg
City Delhi
State or province Delhi
Postal code 110092
Telephone number 23274050
Electronic mail address kpp123@bol.net.in konarkpublishers@hotmail.com
300 ## - PHYSICAL DESCRIPTION
Extent xi, 292p
Dimensions 22 cm ( Hb.)
500 ## - GENERAL NOTE
General note Includes index
700 ## - ADDED ENTRY--PERSONAL NAME
Personal name I.P. Khosla
942 ## - ADDED ENTRY ELEMENTS (KOHA)
Institution code [OBSOLETE] dpl
Koha item type English Books
Call number prefix 327.5405 / SPO
Source of classification or shelving scheme Dewey Decimal Classification
Classification part 327.5405
Call number suffix SPO
Holdings
Withdrawn status Lost status Source of classification or shelving scheme Damaged status Not for loan Collection code Home library Current library Source of acquisition Cost, normal purchase price Total Checkouts Full call number Barcode Date last seen Copy number Uniform Resource Identifier Cost, replacement price Price effective from Koha item type Date acquired Date checked out
    Dewey Decimal Classification   Not For Loan Non-fiction D.B.Act.Division D.B.Act.Division DBAD/PUB 600.00   327.5405 SPO EN-72824 15/09/2008 1 11470 600.00 15/09/2008 English Books    
    Dewey Decimal Classification       Vinoba Puri Vinoba Puri   600.00 1 327.5405 SPO B-317470 18/03/2013 1   600.00 26/02/2009 English Books 26/02/2009 13/03/2013

© Delhi Public Library
Hit Counter
free hit counter